Use of weed killers in the control of natural covers (Record no. 71978)

MARC details
000 -LEADER
fixed length control field 00321nam a2200109Ia 4500
100 ## - MAIN ENTRY--AUTHOR NAME
Personal name Akhurst C G
245 #0 - TITLE STATEMENT
Title Use of weed killers in the control of natural covers
260 ## - PUBLICATION, DISTRIBUTION, ETC. (IMPRINT)
Name of publisher Journal of the Rubber Research Institute of Malaya
Year of publication 1935
300 ## - PHYSICAL DESCRIPTION
Number of Pages 111-170
942 ## - ADDED ENTRY ELEMENTS (KOHA)
Koha item type Journals
Holdings
Withdrawn status Lost status Damaged status Not for loan Home library Current library Date acquired Serial Enumeration / chronology Koha item type
      Journals RRII Library RRII Library 17/12/2021 Volume 6, Issue 3 Journals